| 000 | 01353nam a2200385 i 4500 | ||
|---|---|---|---|
| 001 | 8216 | ||
| 003 | KOSZ 005 | ||
| 005 | 20230222141231.0 | ||
| 008 | 080930s1957 pl a f f 000 0 pol | ||
| 015 | _aPB 1958/61 | ||
| 040 |
_aWA N _cWA N _dKOSZ 005/RW _dKOSZ 005/HR |
||
| 046 | _k1957 | ||
| 080 | _a661.5 | ||
| 080 | _a(075) | ||
| 100 | 1 |
_aŁadowski, Zdzisław _eAutor |
|
| 245 | 1 | 0 |
_aTechnologia związków azotowych / _cZdzisław Ładowski. |
| 260 |
_aWarszawa : _bPaństwowe Wydawnictwa Techniczne, _c1957. |
||
| 300 |
_a439, [1] s. : _bil. ; _c21 cm. |
||
| 336 |
_2rdacontent _aTekst _btxt |
||
| 337 |
_2rdamedia _aBez urządzenia pośredniczącego _bn |
||
| 338 |
_2rdacarrier _aWolumin _bnc |
||
| 380 | _aKsiążki | ||
| 388 | _a1901-2000 | ||
| 388 | _a1945-1989 | ||
| 504 | _aBibliogr. s. 439-[440]. | ||
| 521 | 8 | _aZatwierdz. przez Min. Oświaty jako podręcznik dla technikum chemicznego, wydz. technologii związków azotowych. | |
| 650 | 4 | _aTechnologia chemiczna | |
| 650 | 4 | _aZwiązki azotu | |
| 655 | 4 | _aPodręczniki dla szkół zawodowych | |
| 658 | _aChemia | ||
| 658 | _aInżynieria i technika | ||
| 710 | 2 |
_aPaństwowe Wydawnictwa Techniczne _4pbl. |
|
| 856 |
_uhttp://koha.tu.koszalin.pl/cgi-bin/koha/opac-detail.pl?biblionumber=8216 _yKatalog online BPK |
||
| 942 |
_2UKD _cKS |
||
| 999 |
_c8216 _d8216 |
||